Néhány gondolat az 5. osztályos geometria tanításáról

Elmentve itt :
Bibliográfiai részletek
Szerzők: Szederkényi Antalné
Gregus István
Dokumentumtípus: Cikk
Megjelent: 1988
Sorozat:Módszertani közlemények 28 No. 3
Kulcsszavak:Neveléstudomány
Online Access:http://acta.bibl.u-szeged.hu/27498
LEADER 00680nab a2200193 i 4500
001 acta27498
005 20210223130632.0
008 161017s1988 hu o 0|| hun d
022 |a 1219-0039 
040 |a SZTE Egyetemi Kiadványok Repozitórium  |b hun 
041 |a hun 
100 1 |a Szederkényi Antalné 
245 1 0 |a Néhány gondolat az 5. osztályos geometria tanításáról  |h [elektronikus dokumentum] /  |c  Szederkényi Antalné 
260 |c 1988 
300 |a 152-158 
490 0 |a Módszertani közlemények  |v 28 No. 3 
695 |a Neveléstudomány 
700 0 1 |a Gregus István  |e aut 
856 4 0 |u http://acta.bibl.u-szeged.hu/27498/1/modszertani_028_003_152-158.pdf  |z Dokumentum-elérés